000
00290nam a22001217a 4500
008
170511b xxu||||| |||| 00| 0 eng d
041
_a
eng
080
_a
34
100
_a
15
101
_a
SHJ
245
_a
COPRIGHT PATENT TRADEN MARK AND RELATED STATE
_c
GOLDSTEIN.P
942
_2
udc
_c
BK
999
_c
13181
_d
13181